[Event "Milan Crespi op-B 30th"]
[Site "Milan"]
[Date "2009.12.06"]
[Round "3"]
[White "Fiorili, Roberto"]
[Black "Reale, Simone"]
[Result "1/2-1/2"]
[WhiteElo "1902"]
[BlackElo "1826"]
[PlyCount "36"]
[EventDate "2009.12.04"]
[EventType "swiss"]
[EventRounds "7"]
[EventCountry "ITA"]
[SourceTitle "EXT 2012"]
[Source "ChessBase"]
[SourceDate "2011.11.24"]
[SourceVersion "1"]
[SourceVersionDate "2011.11.24"]
[SourceQuality "1"]

1. e4 c5 2. Nf3 d6 3. d4 cxd4 4. Nxd4 Nf6 5. Nc3 a6 6. f3 e5 7. Nb3 Be7 8. Be3 Be6 9. Qd2 0-0 10. Bd3 Qc7 11. Qf2 Nbd7 12. 0-0 b5 13. Rfd1 Rab8 14. Rd2 Nb6 15. Bxb6 Qxb6 16. Rad1 Qc6 17. Kh1 Nd7 18. Bf1 Nb6 1/2-1/2

[Event "Bratto op-B 27th"]
[Site "Bratto"]
[Date "2007.08.27"]
[Round "4"]
[White "Fiorili, Roberto"]
[Black "Primerano, Carlo"]
[Result "1/2-1/2"]
[WhiteElo "1946"]
[BlackElo "1740"]
[PlyCount "54"]
[EventDate "2007.08.24"]
[EventType "swiss"]
[EventRounds "8"]
[EventCountry "ITA"]
[SourceTitle "CBM 120 Extra"]
[Source "ChessBase"]
[SourceDate "2007.11.01"]
[SourceVersion "1"]
[SourceVersionDate "2007.11.01"]
[SourceQuality "1"]

1. e4 c6 2. d4 d5 3. Nc3 dxe4 4. Nxe4 Nd7 5. Nf3 Ngf6 6. Bd3 Nxe4 7. Bxe4 Nf6 8. Bd3 Bg4 9. c3 e6 10. h3 Bxf3 11. Qxf3 Be7 12. Bf4 0-0 13. g4 Qd5 14. Qxd5 cxd5 15. f3 a6 16. Kf2 b5 17. a3 Rfd8 18. Rag1 Ne8 19. g5 Bd6 20. Bc1 Rdb8 21. h4 g6 22. h5 Ng7 23. hxg6 hxg6 24. Rh3 Nf5 25. Rgh1 Kf8 26. Rh8+ Ke7 27. R8h7 Rf8 1/2-1/2

[Event "Bratto Martesana op"]
[Site "Bratto"]
[Date "2006.11.12"]
[Round "2"]
[White "Santandrea, Marco"]
[Black "Fiorili, Roberto"]
[Result "0-1"]
[WhiteElo "1829"]
[BlackElo "1942"]
[PlyCount "102"]
[EventDate "2006.11.11"]
[EventType "swiss"]
[EventRounds "6"]
[EventCountry "ITA"]
[SourceTitle "EXT 2008"]
[Source "ChessBase"]
[SourceDate "2007.11.25"]
[SourceVersion "1"]
[SourceVersionDate "2007.11.25"]
[SourceQuality "1"]

1. e4 c5 2. c3 d5 3. exd5 Qxd5 4. d4 Nf6 5. Nf3 Bg4 6. Be2 cxd4 7. cxd4 a6 8. Nc3 Qd6 9. 0-0 e6 10. Be3 Nc6 11. h3 Bh5 12. Qb3 Rb8 13. Rfd1 Nd5 14. Nxd5 exd5 15. Rac1 Be7 16. Rc5 f6 17. Rdc1 Bf7 18. g3 Qd8 19. R5c3 0-0 20. a3 Qd7 21. Kg2 Be6 22. Ng1 Rbc8 23. Qc2 Ra8 24. b4 Bd6 25. Qd1 f5 26. f4 g5 27. fxg5 f4 28. Bf2 Qg7 29. g4 Qxg5 30. Nf3 Qg7 31. Kf1 Rf6 32. Bd3 h5 33. Bh4 Rf7 34. Ng5 Re7 35. Nxe6 Rxe6 36. Bf5 Re3 37. Bf2 Rae8 38. Bxe3 fxe3 39. R1c2 Nxd4 40. Rg2 e2+ 41. Rxe2 Rxe2 42. Rc8+ Kf7 43. Qxe2 Nxe2 44. Kxe2 Qb2+ 45. Kd3 Qxa3+ 46. Kd4 Qa1+ 47. Kxd5 Qe5+ 48. Kc4 Qb5+ 49. Kc3 Qxb4+ 50. Kc2 hxg4 51. hxg4 a5 0-1

[Event "Cologno Monzese op 25th"]
[Site "Cologno Monzese"]
[Date "2006.10.26"]
[Round "6"]
[White "Fiorili, Roberto"]
[Black "Cereda, Loris"]
[Result "0-1"]
[WhiteElo "1934"]
[BlackElo "2056"]
[PlyCount "56"]
[EventDate "2006.09.14"]
[EventType "swiss"]
[EventRounds "6"]
[EventCountry "ITA"]
[SourceTitle "EXT 2024"]
[Source "ChessBase"]
[SourceDate "2023.10.10"]
[SourceVersion "1"]
[SourceVersionDate "2023.10.10"]
[SourceQuality "1"]

1. e4 e5 2. Nf3 Nc6 3. d4 exd4 4. Nxd4 Bc5 5. Be3 Qf6 6. c3 d6 7. Be2 Nh6 8. 0-0 Qg6 9. Kh1 Ne5 10. Nb5 0-0 11. Bxc5 dxc5 12. Nxc7 Rb8 13. Qd5 Neg4 14. Qxc5 Qxe4 15. Bf3 Qc2 16. Qxa7 Bf5 17. h3 Ne5 18. Qe3 Nxf3 19. gxf3 Qxb2 20. Nd2 Rfd8 21. Nb3 Rbc8 22. Rg1 Bg6 23. Rgd1 Nf5 24. Qe1 h6 25. Nb5 Nh4 26. Rxd8+ Rxd8 27. Qe7 Qxf2 28. Qxd8+ Kh7 0-1

[Event "Milan Crespi op 26th"]
[Site "Milan"]
[Date "2005.12.08"]
[Round "2"]
[White "Candura, Stefano"]
[Black "Fiorili, Roberto"]
[Result "0-1"]
[WhiteElo "2039"]
[BlackElo "1963"]
[PlyCount "88"]
[EventDate "2005.12.07"]
[EventType "swiss"]
[EventRounds "7"]
[EventCountry "ITA"]
[SourceTitle "EXT 2007"]
[Source "ChessBase"]
[SourceDate "2006.11.23"]
[SourceVersion "1"]
[SourceVersionDate "2006.11.23"]
[SourceQuality "1"]

1. d4 Nf6 2. Nf3 e6 3. e3 c5 4. Bd3 Nc6 5. 0-0 d5 6. b3 Bd6 7. Bb2 0-0 8. Nbd2 Re8 9. Ne5 cxd4 10. exd4 Qc7 11. f4 Nb4 12. Bb5 Bd7 13. Bxd7 Nxd7 14. c4 f6 15. Nxd7 Qxd7 16. Qf3 Qf7 17. c5 Bc7 18. a3 Nc6 19. Rae1 Re7 20. Qg4 Rae8 21. Bc3 Qg6 22. Qxg6 hxg6 23. b4 e5 24. fxe5 fxe5 25. dxe5 Nxe5 26. Bd4 Ng4 27. Rxe7 Bxh2+ 28. Kh1 Rxe7 29. Nf3 Bg3 30. Rd1 Re2 31. Rd2 Rxd2 32. Nxd2 Kf7 33. Kg1 Ke6 34. Bxg7 Be5 35. Bxe5 Nxe5 36. Kf2 d4 37. Ke2 Kd5 38. a4 Nc6 39. b5 Nb4 40. Nb3 Kc4 41. Na5+ Kc3 42. c6 bxc6 43. Nxc6 d3+ 44. Kd1 Nd5 0-1